000 01269cam a22003497a 4500
003 CHAP
005 20220329133348.0
008 971013s1992 r 00010 d
010 _a5484
011 _a6456
035 _a5676
040 _cCHAP
090 _aTesis
100 0 0 _aGómez Chacón, José Luis.
_949649
245 0 _aEfecto de diferentes soluciones químicas bajo dos condiciones de temperatura en la vida de tallos florales en florero de rosa (Rosa hybrida L.) variedad Visa
260 _aChapingo, Méx. :
_bEl autor,
_c1992
300 _a87 h.
502 _aTesis (Ing. Agr. Esp. en Fitotecnia) -- UACH. Departamento de Fitotecnia
590 _aALEPH
_b10
_c20130110
_lUCH01
_h1215
590 _aBATCH-UPD
_b10
_c20130110
_lUCH01
_h0001
590 _aBATCH-UPD
_b10
_c20130110
_lUCH01
_h2013
590 _aBATCH-UPD
_b10
_c20130409
_lUCH01
_h1935
590 _aBATCH-UPD
_b10
_c20130410
_lUCH01
_h1332
590 _aBATCH-UPD
_b10
_c20130914
_lUCH01
_h1419
590 _aCONVERSION
_b10
_c20130109
_lUCH01
_h1304
650 1 4 _aFlores
_xPreservación.
_941402
650 1 4 _aNitrato de plata
_xEfecto en plantas.
_981390
650 1 4 _aTemperatura
_xEfecto en flores.
_9112191
901 _aBK
942 _cTESIS
949 _bBC
_cTES
_d-15265
_eTS1
_h24977
_i5676
_si
999 _c5484
_d5484